Topology / (Record no. 2562)
[ view plain ]
| 000 -LEADER | |
|---|---|
| fixed length control field | 01120nam a22003132 4500 |
| 001 - CONTROL NUMBER | |
| control field | 0000004245 |
| 005 - DATE AND TIME OF LATEST TRANSACTION | |
| control field | 20151217145800.0 |
| 008 - FIXED-LENGTH DATA ELEMENTS--GENERAL INFORMATION | |
| fixed length control field | 070521s xx 000 0 eng d |
| 020 ## - INTERNATIONAL STANDARD BOOK NUMBER | |
| International Standard Book Number | 0131784498 : |
| Terms of availability | GBP 48.99 |
| 040 ## - CATALOGING SOURCE | |
| Original cataloging agency | KABU |
| Transcribing agency | KABU |
| 050 #0 - LIBRARY OF CONGRESS CALL NUMBER | |
| Classification number | QA611 |
| Item number | .M86 2000 |
| 100 1# - MAIN ENTRY--PERSONAL NAME | |
| Personal name | Munkres, James R. |
| -- | 0000160493 |
| 245 10 - TITLE STATEMENT | |
| Title | Topology / |
| Statement of responsibility, etc. | James R. Munkres. |
| 250 ## - EDITION STATEMENT | |
| Edition statement | 2nd ed. |
| 260 ## - PUBLICATION, DISTRIBUTION, ETC. (IMPRINT) | |
| Place of publication, distribution, etc. | Upper Saddle River, NJ : |
| Name of publisher, distributor, etc. | Prentice Hall, |
| Date of publication, distribution, etc. | c2000. |
| 300 ## - PHYSICAL DESCRIPTION | |
| Extent | xvi, 537 p. : |
| Other physical details | ill. ; |
| Dimensions | 25 cm. |
| 504 ## - BIBLIOGRAPHY, ETC. NOTE | |
| Bibliography, etc | Includes bibliographical references (p. 517-518) and index. |
| 650 #0 - SUBJECT ADDED ENTRY--TOPICAL TERM | |
| Topical term or geographic name as entry element | Topology. |
| -- | 0000154710 |
| 908 ## - PUT COMMAND PARAMETER (RLIN) | |
| Put command parameter | 070521 |
| 950 ## - LOCAL HOLDINGS (RLIN) | |
| -- | 1 |
| Withdrawn status | Lost status | Source of classification or shelving scheme | Not for loan | Home library | Current library | Date acquired | Total Checkouts | Full call number | Barcode | Date last seen | Price effective from | Koha item type | Date last checked out | Total Renewals |
|---|---|---|---|---|---|---|---|---|---|---|---|---|---|---|
| Library of Congress Classification | Kabarak, Main Campus | Kabarak, Main Campus | 17/12/2015 | QA611 .M86 2000 c. 1 | 009607 | 17/12/2015 | 17/12/2015 | General Collection | ||||||
| Library of Congress Classification | Kabarak, Main Campus | Kabarak, Main Campus | 17/12/2015 | QA611 .M86 2000 c. 2 | 009608 | 17/12/2015 | 17/12/2015 | General Collection | ||||||
| Library of Congress Classification | Kabarak, Main Campus | Kabarak, Main Campus | 17/12/2015 | QA611 .M86 2000 c. 3 | 009612 | 17/12/2015 | 17/12/2015 | General Collection | ||||||
| Library of Congress Classification | Kabarak, Main Campus | Kabarak, Main Campus | 17/12/2015 | 1 | QA611 .M86 2000 c. 4 | 006086 | 13/07/2018 | 17/12/2015 | General Collection | 06/07/2018 | ||||
| Library of Congress Classification | Kabarak, Main Campus | Kabarak, Main Campus | 17/12/2015 | 2 | QA611 .M86 2000 c. 5 | 006087 | 09/12/2019 | 17/12/2015 | General Collection | 26/11/2019 | ||||
| Library of Congress Classification | Kabarak, Main Campus | Kabarak, Main Campus | 17/12/2015 | 1 | QA611 .M86 2000 c. 6 | 006118 | 31/07/2017 | 17/12/2015 | General Collection | 26/07/2017 | ||||
| Library of Congress Classification | Kabarak, Main Campus | Kabarak, Main Campus | 17/12/2015 | 1 | QA611 .M86 2000 c. 7 | 012196 | 20/07/2018 | 17/12/2015 | General Collection | 16/07/2018 | 1 | |||
| Library of Congress Classification | Kabarak, Main Campus | Kabarak, Main Campus | 17/12/2015 | QA611 .M86 2000 c. 8 | 009192 | 17/12/2015 | 17/12/2015 | General Collection |